Analysis of Age Groups and Motion Speed using Smart Phone Accelerometers (Record no. 233549)

MARC details
000 -LEADER
fixed length control field 00547nam a2200145Ia 4500
008 - FIXED-LENGTH DATA ELEMENTS--GENERAL INFORMATION
fixed length control field 231221s9999 xx 000 0 und d
041 ## - LANGUAGE CODE
Language code of text/sound track or separate title English
082 ## - DEWEY DECIMAL CLASSIFICATION NUMBER
Classification number CPCS15-1025
100 ## - MAIN ENTRY--PERSONAL NAME
Personal name Sarah Christina Shekeran. Sangeetha, J.
245 #0 - TITLE STATEMENT
Title Analysis of Age Groups and Motion Speed using Smart Phone Accelerometers
260 ## - PUBLICATION, DISTRIBUTION, ETC.
Date of publication, distribution, etc. 2015
500 ## - GENERAL NOTE
General note Analysis of Age Groups and Motion Speed using Smart Phone Accelerometers Sarah Christina Shekeran,J Sangeetha.
650 ## - SUBJECT ADDED ENTRY--TOPICAL TERM
Topical term or geographic name entry element Age,Groups,Motion,Speed,using,Smart,Phone,Accelerometers
942 ## - ADDED ENTRY ELEMENTS (KOHA)
Koha item type Institutional repository
Holdings
Date last seen Total checkouts Full call number Accession number Price effective from Category Lost status Damaged status Department Withdrawn status Home library Current library Shelving location Entry date Grants Currency symbol Conversion rate Discount Old discount
26/01/2024   CPCS15-1025 IR1025 26/01/2024 Institutional repository     CS   Central Library Central Library Central Library   CS RS 1    

© For any Suggestions or Query, please contact the library staff @ librarian@pes.edu or Phone: +9180 2672 1983/ 2108.